MARC

LEADER 00000nam0a2200000 4500
001 289795
005 20231102000224.0
020 |a RU  |b 83-71853 
035 |a (RuTPU)RU\TPU\book\314311 
090 |a 289795 
100 |a 20150402d1983 k y0rusy5003 ca 
101 0 |a rus 
102 |a RU 
105 |a a z 001zy 
200 1 |a Точные и приближенные методы исследования задач механики сплошной среды  |e [сборник статей]  |f Академия наук СССР (АН СССР), Уральский научный центр (УНЦ) 
210 |a Свердловск  |c Изд-во УНЦ  |d 1983 
215 |a 109 с.  |c ил.  |d 22 см 
320 |a Библиография в конце статей 
606 1 |a Механика сплошных сред  |2 stltpush  |3 (RuTPU)RU\TPU\subj\43578  |9 63063 
610 1 |a газовая динамика 
610 1 |a точные решения 
610 1 |a газ 
610 1 |a кинематическая теория 
610 1 |a вакуум 
610 1 |a двумерное истечение 
610 1 |a термоупругость 
610 1 |a квазистатические задачи 
610 1 |a дискретизация 
610 1 |a вариационно-разностные методы 
610 1 |a поршни 
610 1 |a равномерное движение 
610 1 |a математическая физика 
610 1 |a нелинейные уравнения 
675 |a 531/534  |z rus  |v 4 
712 0 2 |a Академия наук СССР (АН СССР)  |b Уральский научный центр (УНЦ)  |2 stltpush  |3 (RuTPU)RU\TPU\col\3284 
801 0 |a RU  |b RuMRKP  |c 19950704  |g psbo 
801 1 |a RU  |b 63413507  |c 20150402 
801 2 |a RU  |b 63413507  |c 20170710  |g RCR 
942 |c BK